Proteomics in practice : a laboratory manual of proteome analysis

Gespeichert in:
Bibliographische Detailangaben
1. Verfasser: Westermeier, Reiner
Format: Buch
Sprache:Undetermined
Veröffentlicht: Weinheim Wiley-VCH 2002
Schlagworte:
Tags: Tag hinzufügen
Keine Tags, Fügen Sie den ersten Tag hinzu!
Thư viện lưu trữ: Trung tâm Học liệu Trường Đại học Cần Thơ
LEADER 00527nam a2200193Ia 4500
001 CTU_69298
008 210402s9999 xx 000 0 und d
082 |a 572.6 
082 |b W527 
100 |a Westermeier, Reiner 
245 0 |a Proteomics in practice : 
245 2 |b a laboratory manual of proteome analysis 
245 0 |c Reiner Westermeier, Tom Naven 
260 |a Weinheim 
260 |b Wiley-VCH 
260 |c 2002 
650 |a Proteomics 
904 |i Minh 
980 |a Trung tâm Học liệu Trường Đại học Cần Thơ